Sponge communities in three submarine caves of the Balearic Islands (<western mediterranean>): adaptations and faunistic composition (Registro nro. 9558)

Detalles MARC
000 -CABECERA
Campo de control 007460000a22002170004500
090 ## - CLASIFICACIÓN LOCAL
Colección AR
Consecutivo 00462
041 0# - IDIOMA
Código de idioma para texto/pista de sonido o título separado
100 1# - ASIENTO PRINCIPAL--NOMBRE PERSONAL
Nombre personal Bibiloni, A. M.
245 10 - MENCION DE TITULO
Título Sponge communities in three submarine caves of the Balearic Islands (<western mediterranean>): adaptations and faunistic composition
650 14 - ASIENTO SECUNDARIO DE MATERIA - TERMINO TEMATICO
Término temático o nombre geográfico como elemento de entrada Adaptación medioambiental
650 14 - ASIENTO SECUNDARIO DE MATERIA - TERMINO TEMATICO
Término temático o nombre geográfico como elemento de entrada Uso del habitat
650 14 - ASIENTO SECUNDARIO DE MATERIA - TERMINO TEMATICO
Término temático o nombre geográfico como elemento de entrada Morfología
650 14 - ASIENTO SECUNDARIO DE MATERIA - TERMINO TEMATICO
Término temático o nombre geográfico como elemento de entrada Distribución
650 14 - ASIENTO SECUNDARIO DE MATERIA - TERMINO TEMATICO
Término temático o nombre geográfico como elemento de entrada Comunidades marínas
651 #4 - ASIENTO SECUNDARIO DE MATERIA - NOMBRE GEOGRAFICO
-- Islas Baleares
-- Mayorca
-- España
653 ## - TERMINO DE INDIZACION - NO CONTROLADO
-- Plakina
-- Plakina trilopha
700 1# - ASIENTO SECUNDARIO - NOMBRE PERSONAL
Nombre personal Uriz, M. J.
700 1# - ASIENTO SECUNDARIO - NOMBRE PERSONAL
Nombre personal Gili, J. M.
773 1# - Item fuente:
Título Marine Ecology
Especificación de materiales 181
Descripción física 4
Paginas del Articulo 318-334
Lugar, editorial y fecha de publicación 1989
Información sobre la relación 10
942 ## - ELEMENTOS ADICIONALES (KOHA)
Tipo de ítem Artículo
Existencias
Withdrawn status Lost status Damaged status No para préstamo Colección Ubicación Permanente Ubicación actual Fecha de adquisición Datos de publicación Seriada Total Checkouts Número topográfico Inventario / Código de Barras Date last seen Ejemplar Price effective from Forma de adquisición Tipo de material
      No para Préstamo Hemeroteca Bogotá Bogotá 27/02/2015 Fuera de circulación   AR 00462 010754 25/03/2015 1 25/03/2015   Artículo